[Event "Bonn GSK"]
[Site "Bonn"]
[Date "1996.??.??"]
[Round "?"]
[White "Ruzele, Darius"]
[Black "Kveinys, Aloyzas"]
[Result "1-0"]
[WhiteElo "2520"]
[BlackElo "2530"]
[Annotator "Hecht,H"]
[PlyCount "169"]
[EventDate "1996.08.??"]
[EventType "tourn"]
[EventRounds "12"]
[EventCountry "GER"]
[EventCategory "12"]
[SourceTitle "CBM 056"]
[Source "ChessBase"]
[SourceDate "1997.02.01"]
[SourceVersion "1"]
[SourceVersionDate "1997.02.01"]
[SourceQuality "1"]

1. d4 d6 2. Nf3 Bg4 3. c4 Nd7 4. Qb3 Rb8 5. g3 e5 6. Bg2 Ngf6 7. Be3 exd4 8.
Nxd4 c5 9. Nf3 a6 10. a4 b5 11. axb5 axb5 12. cxb5 Be7 13. Nc3 O-O 14. O-O Nb6
15. Rfd1 Be6 16. Qc2 Nbd5 17. Bg5 Nxc3 18. bxc3 Rxb5 19. Qd3 Qb6 20. Nd2 d5 21.
c4 Rb4 22. cxd5 Nxd5 23. Bxd5 Bxg5 24. Ra6 c4 25. Qa3 Qb8 26. Bxe6 fxe6 27. Nf3
Bf6 28. Qe3 e5 29. Rc6 Re8 30. Qe4 c3 31. Rc4 Rxc4 32. Qxc4+ Kh8 33. Qxc3 e4
34. Nd4 e3 35. fxe3 Qe5 36. Qd3 Bg5 37. e4 h5 38. Nf3 Qc5+ 39. Kg2 Bf6 40. e5
Rd8 41. Qb1 Rxd1 42. Qxd1 {[#]_|_ besserer N, Lavieren, allmähliches Vorrücken
des e-o^. Nicht jeder Tausch bietet Weiß Gewinnchancen. Schwierige Technik.}
Bxe5 43. Qd8+ Kh7 44. Ng5+ Kg6 45. Nf3 Bf6 46. Qe8+ Kh6 47. Qe4 g6 48. h4 Qb5
49. Ne1 Qe5 50. Qf3 (50. Qxe5 Bxe5 $11 {[%csl Rg3][%cal Rg6g5]}) 50... Bd8 51.
Nd3 Qf6 52. Qe3+ Kh7 53. Nf4 Bb6 54. Qe4 Kh6 55. Qe8 Ba7 56. e4 Bd4 57. Nd3 Kh7
58. Qd7+ Kh6 59. Qd5 Ba7 60. e5 Qb6 61. Kh3 Qd4 62. Qf3 Qd7+ 63. Kg2 Qe6 64.
Qa8 Qa2+ 65. Kf3 Qf7+ 66. Nf4 Qb3+ 67. Kg2 Qb8 68. Qe4 Qb6 69. Kh3 Qa6 70. Qb1
Be3 71. Nd3 Qe6+ 72. Kh2 Qf5 73. Qd1 g5 74. Qe2 Qe4 75. hxg5+ Kxg5 76. Nf4 Kh6
(76... Qxe5 77. Qxh5+ Kf6 78. Nd5+ $18) 77. Qxh5+ Kg7 78. Ne6+ Kg8 79. Qe8+ Kh7
80. Qf7+ Kh6 81. Qf6+ Kh5 82. Ng7+ Kg4 83. Qh4+ Kf3 84. Qh5+ Kf2 85. Qf5+ 1-0

[Event "Montreal 1st"]
[Site "Montreal"]
[Date "2000.08.11"]
[Round "8"]
[White "Miladinovic, Igor"]
[Black "Hebert, Jean"]
[Result "1-0"]
[WhiteElo "2563"]
[BlackElo "2428"]
[Annotator "Hecht,H"]
[PlyCount "77"]
[EventDate "2000.08.03"]
[EventType "tourn"]
[EventRounds "11"]
[EventCountry "CAN"]
[EventCategory "9"]
[SourceTitle "CBM 079"]
[Source "ChessBase"]
[SourceDate "2000.11.21"]
[SourceVersion "1"]
[SourceVersionDate "2000.11.21"]
[SourceQuality "1"]

1. d4 d6 2. Nf3 Bg4 3. e4 Nf6 4. Nc3 e6 5. Be3 Be7 6. h3 Bh5 7. Be2 d5 8. Ne5
Bxe2 9. Qxe2 c6 10. exd5 Nxd5 11. Nxd5 exd5 12. Qg4 O-O 13. Bh6 Bf6 14. O-O-O
Qc8 15. Qg3 Qf5 16. Ng4 Kh8 17. Nxf6 Qxf6 18. Bg5 Qf5 19. Rhe1 Nd7 20. Re7 b5
21. Qg4 Qxg4 22. hxg4 Nb6 23. Bf4 Kg8 24. Rde1 f5 25. g5 Rf7 26. R1e6 Rc8 27.
Bd6 Rxe7 28. Rxe7 {[%csl Ra7,Rc6,Rg7][%cal Rd6e5] [#] Nach der Unterwanderung
der schwarzen Stellung bleibt Weiß auch nach Turmtausch ein zum Gewinn
ausreichendes Übergewicht. Gründe: Starker Läufer mit stützendem Bd4; gute
Kooperation von Turm und Läufer gegen die schwarzen Bauernschwächen.} Rd8 29.
Be5 Rd7 30. Re6 Kf7 31. Rxc6 Re7 (31... Nc4 32. b3 (32. Rc7 $4 Nxe5 $19) 32...
Nxe5 33. dxe5 Ke7 34. f4 b4 35. Kd2 $18) 32. b3 g6 33. Kd2 Re6 34. Rc7+ Re7 35.
Rc5 a6 36. Bc7 Nd7 37. Rxd5 Nf8 38. Be5 Ne6 39. f4 1-0

[Event "Capablanca Memorial-B"]
[Site "Matanzas"]
[Date "1994.??.??"]
[Round "8"]
[White "Antunes, Antonio"]
[Black "Urday Caceres, Henry"]
[Result "1-0"]
[WhiteElo "2465"]
[BlackElo "2450"]
[Annotator "Hecht,H"]
[PlyCount "175"]
[EventDate "1994.??.??"]
[EventType "tourn"]
[EventRounds "13"]
[EventCountry "CUB"]
[EventCategory "8"]
[SourceTitle "CBM 043"]
[Source "ChessBase"]
[SourceDate "1994.12.01"]
[SourceVersion "1"]
[SourceVersionDate "1994.12.01"]
[SourceQuality "1"]

1. Nf3 d6 2. d4 Bg4 3. c4 Nd7 4. Qb3 Rb8 5. g3 Ngf6 6. Bg2 c6 7. Be3 e5 8. Nc3
Qa5 9. O-O Be7 10. a3 Qa6 11. Qa2 O-O 12. b4 Rfc8 13. Rfc1 h6 14. a4 exd4 15.
Nxd4 c5 16. Nc2 cxb4 17. Nxb4 Qa5 18. Nbd5 Nxd5 19. Nxd5 Bf8 20. Rab1 Nc5 21.
Rb5 Qd8 22. a5 Bd7 23. Rb4 Rc6 24. Ra1 Ra6 25. Rbb1 b6 26. Qd2 Rxa5 27. Rxa5
bxa5 28. Rxb8 Qxb8 29. Bxc5 dxc5 30. Nf6+ gxf6 31. Qxd7 Qb1+ 32. Bf1 Qa1 33. e3
a4 34. Kg2 a3 35. Be2 Qb1 36. Bf3 a6 37. Bd5 Qg6 38. Qa4 f5 (38... Qd3 39. Qxa6
Kg7 40. Qa7 Qg6 41. Qxa3 $16) 39. Qxa3 Qb6 40. Qa4 a5 41. Qd7 Qf6 42. Qa7 Qe7
43. Qxa5 Bg7 44. Qa8+ Bf8 45. Qc8 Qf6 46. Qd7 Kg7 47. h3 Be7 48. Bf3 Qe6 49.
Qb5 Bd6 50. Bd5 Qe7 51. Qb1 Qe5 52. Qd1 Kg6 53. Qf3 Qf6 54. Qe2 Kg7 55. Qd1 Be5
56. Qa4 Qg6 57. Qd7 Qf6 58. Qc8 Bd6 59. Bc6 Qe6 60. Qa6 Be7 61. Qb5 Bd6 62. Bd5
Qe7 63. Qb3 Be5 64. Qd3 Qd7 (64... Qf6 $5 65. h4 {/\ Kg1-Bg2-h3}) 65. Qa3 Qe7
66. Qd3 Qd7 67. Qb1 Bc3 68. Qb8 Bf6 69. Kh2 Bd8 70. Qb2+ Bf6 71. Qc2 Be5 72.
Kg1 Bf6 73. h4 Be5 74. Bg2 Qe6 75. Bh3 Kf6 76. e4 $18 Bd4 77. Bxf5 Qb6 78. Kg2
Qb2 79. Qxb2 Bxb2 80. f4 Bc3 81. Kf2 Bd4+ 82. Ke2 Bb2 83. g4 Bc1 84. g5+ hxg5
85. hxg5+ Ke7 86. Kf3 f6 87. gxf6+ Kxf6 88. Bh3 1-0

[Event "RUS-Cup Final"]
[Site "Sochi"]
[Date "1997.09.27"]
[Round "10"]
[White "Vaulin, Alexander"]
[Black "Fedorov, Alexei"]
[Result "1/2-1/2"]
[WhiteElo "2530"]
[BlackElo "2600"]
[Annotator "Hecht,H"]
[PlyCount "152"]
[EventDate "1997.09.17"]
[EventType "tourn"]
[EventRounds "11"]
[EventCountry "RUS"]
[EventCategory "13"]
[SourceTitle "CBM 062"]
[Source "ChessBase"]
[SourceDate "1998.01.31"]
[SourceVersion "1"]
[SourceVersionDate "1998.01.31"]
[SourceQuality "1"]

1. d4 g6 2. c4 Bg7 3. Nf3 d6 4. g3 Bd7 5. Bg2 Nc6 6. Nc3 e5 7. dxe5 dxe5 8. O-O
Nge7 9. Ne4 O-O 10. Bh6 Bf5 11. Bxg7 Kxg7 12. Nc3 f6 13. Qb3 Qc8 14. Rfd1 Be6
15. Nd5 Rf7 16. Qc3 g5 17. b4 Ng6 18. b5 Nce7 19. Nd2 Bh3 20. Bxh3 Qxh3 21.
Nxe7 Nh4 22. Nf5+ Nxf5 23. Qd3 Nd4 24. Nb3 Ne6 25. Qd5 Rb8 26. Nc5 Nd4 27. e3
c6 28. bxc6 bxc6 29. Qg2 Ne2+ 30. Kf1 Qxg2+ 31. Kxg2 Rb2 32. Rd6 h6 33. Rxc6 f5
34. Nd3 Rc2 35. Nxe5 Rb7 36. Rd1 Nc3 37. Rdd6 Ne4 38. Rg6+ Kh7 39. Rxh6+ Kg8
40. Rhg6+ Kh7 41. Rh6+ Kg8 42. Rcg6+ Rg7 43. Rxg7+ Kxg7 44. Rg6+ Kh7 45. Ra6
Nxf2 46. Rxa7+ Kh6 47. Kf1 Ne4 48. Ra6+ Kg7 49. g4 Rxh2 50. Kg1 Rh3 51. gxf5
Rxe3 52. Rg6+ Kh7 53. Nf7 Rg3+ 54. Kh2 Rc3 55. Nxg5+ Nxg5 56. Rxg5 Rxc4 {
[#] Weiß kann nicht beide Bauern verteidigen. Deshalb gibt er den f-Bauern auf.
} 57. f6 (57. Kg1 {Idee: Tg2-Tf2} Rc1+ 58. Kh2 Rc5 {ergibt nichts}) (57. Rg2
Rf4 58. a3 Rxf5 59. Ra2 Kg6 60. Kg3 Ra5 61. Kf4 Kf6 $11) 57... Rf4 58. Kg3 Rxf6
{Hinweis: Remis laut Endspiel-CD Grund: Die vertikale Sperre für den schwarzen
König kann nicht gehalten werden.} 59. a4 Rf1 60. Ra5 (60. a5 Ra1 61. Kf4 Kh6
62. Rb5 Kg6 63. Rb6+ Kf7 64. a6 Ke7 65. Rb7+ Kd6 $11) 60... Kg7 61. Ra8 Ra1 62.
a5 Ra4 (62... Kh7 63. Kf4 Re1 $1 $11 64. a6 (64. Rb8 Kg7 65. a6 Ra1 66. Rb6 Ra5
$8 {1. horizontale Sperre für den weißen König, 2. Annäherung des eigenen
Königs} (66... Kf7 67. Ke5 Ke7 68. Rb7+ Kd8 69. a7 Kc8 70. Rb8+ $18) 67. Ke4
Kf7 68. Kd4 Ke7 69. Kc4 Kd7 70. Kb4 Ra1 $11) 64... Re6 {seitlicher Angriff
sichert das Remis} 65. Kf5 Rb6 66. Ke5 Rg6 67. Kd5 Rg5+ 68. Kc6 Rg6+ 69. Kb7
Rg7+) 63. a6 Re4 {Vorbereitung für den seitlichen Angriff. Wartet Schwarz
lediglich ab, so verliert er. Ein typisches Beispiel:} (63... Kf7 64. Kf3 Kg7 (
64... Ke7 65. a7 Kf7 66. Rh8 $18) 65. Ke3 Kh7 66. Kd3 Kg7 67. Kc3 Kh7 68. Kb3
Ra1 69. Kb4 Kg7 70. Kb5 Rb1+ 71. Kc6 Rc1+ 72. Kb7 Rb1+ 73. Ka7 $18 {Solange
das Schlupfloch a7 für den weißen König da ist, muß Schwarz den Seitenangriff
auf den a-Bauern suchen, weil nur mit Schachs von drer Seite das Versteck a7
für den weißen König ausfällt. Siehe Partie. Erst wenn a6-a7 erfolgt, muß der
schwarze Turm sofort hinter den a-Bauern gehen, wobei sein König auf g7 oder
h7 zu stehen hat. Das ist das ganze Remisgeheimnis!}) 64. Kf3 (64. Rb8 Ra4 65.
Rb6 {Nur wenn der a-Bauer von der Seite gedeckt wird, darf und muß sich der
schwarze König nähern} Kf7 66. Kf3 Ke7 67. Ke3 Kd7 68. Kd3 Kc7 $11) 64... Re6
65. Kf4 Rf6+ 66. Ke4 Rb6 67. Ra7+ Kh8 68. Kd5 Rg6 69. Ra8+ Kh7 70. Kc5 Rg5+ 71.
Kc4 Rg4+ 72. Kd5 Rg5+ 73. Ke6 Rg6+ 74. Kf5 Rb6 75. a7 Ra6 76. Rb8 Rxa7 1/2-1/2

[Event "Horgen CS"]
[Site "Horgen"]
[Date "1994.??.??"]
[Round "10"]
[White "Kortschnoj, Viktor Lvovich"]
[Black "Miles, Anthony John"]
[Result "1/2-1/2"]
[WhiteElo "2615"]
[BlackElo "2600"]
[Annotator "Hecht,H"]
[PlyCount "108"]
[EventDate "1994.09.??"]
[EventType "tourn"]
[EventRounds "11"]
[EventCountry "SUI"]
[EventCategory "16"]
[SourceTitle "CBM 043"]
[Source "ChessBase"]
[SourceDate "1994.12.01"]
[SourceVersion "1"]
[SourceVersionDate "1994.12.01"]
[SourceQuality "1"]

1. d4 d6 2. Nf3 Bg4 3. e3 e6 4. c4 Nd7 5. Nc3 Be7 6. Be2 c6 7. d5 e5 8. dxc6
bxc6 9. Qa4 Qc8 10. h3 Bf5 11. e4 Bg6 12. Be3 Ngf6 13. c5 dxc5 14. Nh4 O-O 15.
Nxg6 hxg6 16. Qc2 c4 17. Bxc4 Bc5 18. Bxc5 Nxc5 19. O-O Qc7 20. Rad1 Rad8 21.
b4 Nb7 22. Bb3 Qe7 23. a3 a5 24. Na2 c5 25. bxa5 Nxa5 26. Bd5 Nxd5 27. exd5 Nb7
28. Rfe1 Rfe8 29. a4 Rc8 30. Nc3 Qd7 31. Nb5 Nd6 32. Nxd6 Qxd6 33. Qc4 Ra8 34.
Rb1 Red8 35. Red1 Qa6 36. Qxc5 Qxa4 37. d6 Qd7 38. Qd5 Ra7 39. Rb4 Qf5 40. Rb7
Rxb7 41. Qxb7 Rd7 42. Qc8+ Kh7 43. Qe8 Qc2 44. Qxd7 Qxd1+ 45. Kh2 {[#]} Qd2 46.
Qc7 Qf4+ (46... Qxf2 47. d7 Qf4+ 48. Kg1 Qe3+ 49. Kh1 $18) 47. Kg1 e4 48. Qc6 (
48. Qc5 Qd2 49. Qe5 f6 $10) 48... e3 49. fxe3 Qxe3+ 50. Kf1 Qd2 51. d7 f5 52.
Qc7 Qd1+ 53. Kf2 Qd2+ 54. Kg1 f4 1/2-1/2

[Event "Moscow5"]
[Site "Moscow"]
[Date "1995.??.??"]
[Round "6"]
[White "Ivanov, Mikhail M"]
[Black "Nesterov, Yakov"]
[Result "1/2-1/2"]
[WhiteElo "2445"]
[BlackElo "2470"]
[Annotator "Hecht,H"]
[PlyCount "90"]
[EventDate "1995.??.??"]
[EventType "tourn"]
[EventRounds "11"]
[EventCountry "RUS"]
[EventCategory "10"]
[SourceTitle "CBM 049"]
[Source "ChessBase"]
[SourceDate "1995.12.01"]
[SourceVersion "1"]
[SourceVersionDate "1995.12.01"]
[SourceQuality "1"]

1. Nf3 d6 2. d4 Bg4 3. c4 Bxf3 4. exf3 g6 5. f4 Bg7 6. g3 c6 7. Nc3 Nd7 8. Bg2
Nh6 9. O-O Nf5 10. d5 c5 11. Bh3 Nd4 12. Ne2 b5 13. Nxd4 Bxd4 14. cxb5 Nf6 15.
Qe2 O-O 16. Bg2 Qd7 17. Be3 Bxe3 18. fxe3 Rfb8 19. a4 a6 20. e4 axb5 21. e5
dxe5 22. fxe5 Nxd5 23. e6 Qxe6 24. Qf2 Rxa4 25. Rae1 Qf6 26. Bxd5 Qxf2+ 27.
Rxf2 e6 28. Bc6 Ra6 29. Bf3 Rd8 30. Re5 Ra1+ 31. Rf1 Rxf1+ 32. Kxf1 Rd2 33. Re2
Rd6 34. Ke1 Kf8 35. Re5 Rd3 36. Be2 Rb3 37. Rxc5 Rxb2 38. Rxb5 Rxb5 39. Bxb5 {
L - 2 Bauern Der falsche Randbauer hindert Weiß am Gewinn. Elementar!} f5 40.
Ke2 Ke7 41. Kd3 Kf6 42. Kd4 h5 43. Ke3 h4 44. Be2 (44. gxh4 g5 45. h5 g4 46. h6
e5 47. Bd7 f4+ 48. Ke4 g3 $10) 44... hxg3 45. hxg3 g5 {Schwarz spielt e5, g4
und f4} 1/2-1/2

[Event "St Petersburg op"]
[Site "St Petersburg"]
[Date "1994.??.??"]
[Round "6"]
[White "Karasev, Vladimir I"]
[Black "Vaulin, Alexander"]
[Result "0-1"]
[WhiteElo "2405"]
[BlackElo "2560"]
[Annotator "Hecht,H"]
[PlyCount "96"]
[EventDate "1994.02.??"]
[EventType "swiss"]
[EventRounds "9"]
[EventCountry "RUS"]
[SourceTitle "CBM 041"]
[Source "ChessBase"]
[SourceDate "1994.08.01"]
[SourceVersion "1"]
[SourceVersionDate "1994.08.01"]
[SourceQuality "1"]

1. Nf3 d6 2. d4 Bg4 3. Nbd2 Nd7 4. h3 Bh5 5. e4 e5 6. Be2 Ngf6 7. O-O Be7 8.
dxe5 dxe5 9. Nh4 Bg6 10. Nf5 Bxf5 11. exf5 O-O 12. Nc4 c6 13. a4 Qc7 14. c3 a5
15. Qc2 Rfe8 16. Re1 Bc5 17. Bf1 e4 18. Qd2 Nd5 19. Qg5 N7f6 20. Ne3 Bxe3 21.
Bxe3 h6 22. Qh4 Nxe3 23. Rxe3 Rad8 24. Bc4 Qe5 25. g4 Rd2 26. b3 Nd5 27. Bxd5
cxd5 28. Qg3 Qxg3+ 29. Rxg3 Rc8 30. Re3 b6 31. Kf1 Rc5 32. Rb1 Rc2 33. c4 dxc4
34. Rxe4 c3 35. Re8+ Kh7 36. Re2 Rxe2 37. Kxe2 c2 38. Rc1 Rc3 39. Kd2 Rxb3 40.
Rxc2 Rxh3 41. Rc7 f6 42. Rb7 Ra3 43. Rxb6 Rxa4 44. f3 (44. Ra6 $5 Rxg4 45. Rxa5
Re4 (45... h5 46. Ke3 Kh6 47. f4 h4 48. Ra8 Rg3+ 49. Kf2 Kh5 50. Rg8 Kg4 51.
Rxg7+ Kxf4 52. Rh7 Kg4 53. Ra7 $10) 46. Kd3 Re7 47. f4 g6 48. fxg6+ Kxg6 $19)
44... h5 $1 45. gxh5 Rb4 46. Ra6 Rb5 47. Ke3 Rxf5 48. f4 Rxh5 0-1

[Event "Enghien les Bains 3rd"]
[Site "Enghien les Bains"]
[Date "1999.03.12"]
[Round "9"]
[White "Bacrot, Etienne"]
[Black "Tkachiev, Vladislav"]
[Result "0-1"]
[WhiteElo "2561"]
[BlackElo "2634"]
[Annotator "Hecht,H"]
[PlyCount "90"]
[EventDate "1999.03.03"]
[EventType "tourn"]
[EventRounds "9"]
[EventCountry "FRA"]
[EventCategory "15"]
[SourceTitle "CBM 070"]
[Source "ChessBase"]
[SourceDate "1999.06.08"]
[SourceVersion "1"]
[SourceVersionDate "1999.06.08"]
[SourceQuality "1"]

1. d4 d6 2. Nf3 g6 3. c4 Bg4 4. Qb3 Qc8 5. h3 Bxf3 6. Qxf3 Bg7 7. e3 e5 8. dxe5
Bxe5 9. Nc3 Bxc3+ 10. bxc3 Nc6 11. c5 dxc5 12. Ba3 Qe6 13. Bb5 Nf6 14. Bxc5 Ne4
15. Bd4 O-O 16. Qf4 Nxd4 17. cxd4 Nc3 18. Bd3 Rfd8 19. O-O c5 20. Rfc1 cxd4 21.
exd4 Nd5 22. Qf3 Rd7 23. Bb5 Rd6 24. Re1 Qf6 25. Qxf6 Rxf6 26. Bc4 Rd8 27. Bb3
Rd7 28. Rad1 Kf8 29. Rd2 a6 30. Rb1 Ne7 31. Bd1 Rfd6 32. Bf3 b5 33. Rb4 Nc6 34.
Bxc6 Rxc6 {[#]} 35. d5 $5 (35. Kf1 {mit der Idee a4 sieht besser aus.}) 35...
Rcd6 36. Rbd4 a5 37. Kf1 b4 38. Ke2 Ke7 39. Ke3 Rc7 40. Ke4 Rc3 41. R4d3 Rc1
42. Kd4 Rf6 43. a3 Kd6 44. g3 Rf5 {Plötzlich ist der Bd5 weg.} 45. axb4 axb4 (
45... axb4 46. Ke4 Re1+ 47. Re3 Rxe3+ 48. fxe3 Re5+ $19) 0-1

[Event "ISL-FRA"]
[Site "Reykjavik"]
[Date "1993.??.??"]
[Round "1"]
[White "Hjartarson, Johann"]
[Black "Chabanon, Jean Luc"]
[Result "1-0"]
[WhiteElo "2625"]
[BlackElo "2425"]
[Annotator "Hjartarson,J"]
[PlyCount "81"]
[EventDate "1993.??.??"]
[EventType "schev"]
[EventRounds "10"]
[EventCountry "ISL"]
[SourceTitle "CBM 035"]
[Source "ChessBase"]
[SourceDate "1993.08.01"]
[SourceVersion "1"]
[SourceVersionDate "1993.08.01"]
[SourceQuality "1"]

1. c4 e5 2. Nc3 d6 3. g3 g6 4. d4 Bg7 $6 (4... exd4 5. Qxd4 Nf6 6. Bg2 Bg7 7.
Qe3+ Qe7 8. Qxe7+ Kxe7 9. b3 a5 10. Bb2 c6 11. Na4 $1 $16 {Kasparov,G-Short,N
Barcelona WC 1989}) (4... Nd7) 5. dxe5 dxe5 (5... Bxe5 $6 6. Nf3 Bg7 7. Bg2 $32
) 6. Qxd8+ Kxd8 7. Bg2 c6 8. b3 Kc7 9. Ba3 $14 Nh6 $1 10. O-O-O Be6 11. Nf3 f6
12. h3 (12. Bd6+ $6 Kc8 13. h3 Nf7 $10) 12... Nf7 13. e3 Na6 14. Ne4 Rhe8 (
14... Rad8 $2 15. Rxd8 Kxd8 (15... Rxd8 $2 16. Be7 $18) 16. Rd1+ Kc7 17. Be7 $1
f5 $8 18. Neg5 Nxg5 19. Nxg5 Bd7 20. e4 $16) 15. g4 b6 16. Rd2 (16. g5 f5 17.
Nd6 Red8 $8 18. Nxf7 Bxf7 19. Be7 Rxd1+ (19... Rd7 $2 20. Bf6 $16) 20. Rxd1 e4
21. Ne1 $14) 16... Rad8 17. Rxd8 Kxd8 18. g5 (18. Rd1+ Kc7 19. g5 f5 20. Nd6
Rd8 21. Nxf7 Bxf7 22. Rxd8 Kxd8 23. Bb2 Nc5 24. Kd2 Nd7 25. Ne1 Kc7 26. Nd3 $14
) 18... f5 19. Nf6 $6 (19. Rd1+ Kc7 20. Nd6 $14 {see 18.Rd1}) 19... Bxf6 20.
gxf6 Nc5 21. Rd1+ Kc8 22. h4 e4 $6 (22... h6 23. Ne1 e4 24. f3 $13) 23. Nd4 (
23. Ng5 $2 h6 $1 24. Nh3 g5 $15) 23... Bd7 (23... Nd3+ $2 24. Rxd3 $1 exd3 25.
Bxc6 Bd7 26. Bd5 $18) 24. b4 $1 $16 Ne6 (24... Nd3+ 25. Rxd3 $1 exd3 26. Nxc6
Kc7 (26... Bxc6 27. Bxc6 Re6 28. Bd5 $1 Rxf6 29. Bb2 d2+ 30. Kd1 $1 $18) 27.
Nxa7 $16 Re6) 25. Bb2 Nxd4 26. Bxd4 Be6 27. Bf1 Kc7 $6 (27... h6 28. a4 Kb7 29.
Kb2 $16) 28. a4 Ra8 $138 29. c5 h6 30. Kb2 g5 31. h5 g4 $2 (31... bxc5 32. Bxc5
a5 33. b5 cxb5 34. axb5 $16) 32. Rc1 $18 Rg8 33. b5 bxc5 34. Rxc5 g3 35. Rxc6+
Kd7 36. fxg3 Rxg3 37. Rxe6 Kxe6 38. Bc4+ Kd6 39. Bxf7 f4 40. Bc4 fxe3 41. f7
1-0

[Event "Hessen-ch"]
[Site "Bruchkoebel"]
[Date "2002.03.28"]
[Round "9"]
[White "Solonar, Stefan"]
[Black "Alber, Horst"]
[Result "1-0"]
[WhiteElo "2326"]
[BlackElo "2309"]
[Annotator "Hoehne,V/Loukas,T"]
[PlyCount "57"]
[EventDate "2002.03.22"]
[EventType "tourn"]
[EventRounds "11"]
[EventCountry "GER"]
[EventCategory "1"]
[SourceTitle "EXT 2003"]
[Source "ChessBase"]
[SourceDate "2002.11.25"]
[SourceVersion "1"]
[SourceVersionDate "2002.11.25"]
[SourceQuality "1"]

1. c4 g6 2. e4 Bg7 3. d4 d6 4. Nf3 Bg4 5. Be2 Nc6 6. Be3 e5 7. d5 Bxf3 8. Bxf3
Nd4 9. O-O Nxf3+ (9... Ne7 $144) 10. Qxf3 Ne7 11. Qe2 O-O 12. Nc3 f5 13. f3 f4
14. Bf2 g5 15. c5 Ng6 16. Rac1 Rf7 17. Rc2 $5 (17. cxd6 $142) 17... Bf8 18.
cxd6 Bxd6 19. Rfc1 h5 $2 (19... a6 $142 {Alber}) 20. Nb5 a6 $2 (20... g4 $142)
21. Nxd6 cxd6 22. Kh1 Nf8 23. Qe1 Rg7 24. Qb4 g4 25. Bb6 Qf6 26. Bc7 gxf3 27.
gxf3 Rg6 28. Rg1 Rc8 29. Qxb7 {Diagramm [#]} 1-0

[Event "Nussloch"]
[Site "Nussloch"]
[Date "1996.??.??"]
[Round "3"]
[White "Jussupow, Artur"]
[Black "Hickl, Joerg"]
[Result "1-0"]
[WhiteElo "2655"]
[BlackElo "2580"]
[Annotator "Jussupow,A"]
[PlyCount "75"]
[EventDate "1996.??.??"]
[EventType "tourn"]
[EventRounds "11"]
[EventCountry "GER"]
[EventCategory "15"]
[SourceTitle "CBM 053"]
[Source "ChessBase"]
[SourceDate "1996.08.01"]
[SourceVersion "1"]
[SourceVersionDate "1996.08.01"]
[SourceQuality "1"]

1. d4 {Ribli} d6 2. g3 {Ribli: Eine sehr schlaue Idee von Grossmeister
Romanishin. Schwarz wollte nach 2.Nf3 Bg4 spielen und jetzt bekommt das Spiel
eine ganz andere Character.} e5 {Ribli: Dieser Zug gefaellt mir nicht: Schwarz
bekommt nach dem Damentausch immer eine schlechtere Stellung ohne realistische
Gegegnchancen. In dieser Variante gibt nur eine Frage, ob Weiss gewinnt oder
mit sehr grosser Muehe Schwarz Remis macht.} (2... Nf6 $5 {Ribli}) (2... g6 $5
{Ribli}) 3. dxe5 dxe5 4. Qxd8+ Kxd8 5. Nc3 (5. Bg2 c6 6. Nd2 (6. f4 exf4 (6...
Nd7 7. Nf3 Bd6 8. Nbd2 exf4 9. Nc4 Bc7 10. Bxf4 Bxf4 11. gxf4 Ngf6 12. O-O-O
Ke7 13. Rd4 Nc5 $14) 7. Bxf4 Ne7 8. Nc3 Ng6 9. O-O-O+ Nd7 10. Nf3 Nxf4 11. gxf4
Bb4 12. Ne4 Ke7 13. Rd4 Ba5 14. Nd6 Bb6 $15) 6... Be6 7. Ngf3 f6 8. Nb3 Nd7 $10
) 5... Nc6 $6 {Ribli: Diese Neuerung hat die Folgende Idee: Schwarz will mit
seiner Drohung -Nb4 or Nd4- eine wichtiges Tempo gewinnen und seine
Entwicklung rechzeitig beenden.} (5... Nd7 6. f4 Ngf6 $5 (6... Bb4 7. Nf3 f6 8.
fxe5 Nxe5 9. Bf4 $40) 7. Nf3 (7. fxe5 $5 Nxe5 8. Bf4) 7... Bd6 8. Nb5 Ke7 9.
Nxd6 cxd6 10. b3 $14 {/^a3-f8; Yusupov,A-Rivas Pastor,M/Las Palmas 58/66 1993})
(5... Be6 {Ribli} 6. f4 Nd7 7. Nf3 f6 8. fxe5 Nxe5 9. Bf4 Ng6 10. O-O-O+ Kc8
11. Be3 N8e7 12. Nd4 Bd7 13. Ndb5 $36 {Romanishin,O-Kindermann,S/Muenchen op/
1993/INF58,(66)/}) 6. Bg5+ (6. Bg2 $2 Nd4) (6. Be3 Be6 7. O-O-O+ Kc8 $14) 6...
f6 7. O-O-O+ Bd7 (7... Bd6 $5 8. Be3 Nge7 9. Bc5 Nf5 10. Bh3 Ke7 11. Nd5+ $36)
(7... Ke8 {Ribli} 8. Nb5 $1 {>< c7 ><d6}) 8. Bh3 {Ribli: [#] Fuer Weiss ist es
nicht so leicht zu entscheiden, ob den weissfeldrigen Laeufer besser tauschen
oder besser behalten. Jussupow dachte: Wenn er den Laeufer tauscht, dann kann
er auf dem weissen Feldern herrschen.} Bd6 9. Be3 Bxh3 10. Nxh3 Ke7 (10... Nge7
11. Bc5 Nf5 12. g4 Ke7 13. Nd5+ $36 (13. gxf5 Bxc5 14. Ne4 Bb6 15. Rhg1 g6 $13)
) 11. f4 $1 {Ribli: Natuerlich soll Weiss die Stellung oeffnen, weil er besser
entwickelt ist.} (11. f3 Ke6 12. Nf2 {/\Nfe4} f5 $1 $10 {/\Nf6}) 11... exf4 {
Ribli: Schwarz hat vor der folgenden weissen Moeglichkeit,- /\ f5, Nf2,Ne4,Nb5
- Angst gehabt, aber jetzt kommt der h3-Springer sehr schnell ins Spiel.} (
11... Nh6 12. fxe5 Bxe5 13. Nd5+ $16) (11... Ke6 $5 $14 {/\Nge7}) 12. Nxf4 Kf7
{Ribli: Schwarz braucht noch einen Zug -Nge7- seine Entwicklung beenden, aber
jetz ist noch Weiss am Zug.} (12... Nh6 13. Nfd5+ {/\ Bxh6 +/-}) 13. Nb5 Rd8 (
13... Re8 14. Rxd6 $16) (13... Be5 14. Nxc7 $16 (14. Nxc7 $1 Bxc7 15. Rd7+ Nge7
16. Rxc7 b6 17. Rd1 Rhc8 18. Rdd7 Rxc7 19. Rxc7 Rc8 $16)) 14. Nd5 {Ribli: [#]
Der Nachziehende kann den Materialverlust nicht vermeiden.} Nge7 (14... a6 {
Ribli} 15. Nbxc7 Rc8 16. Nb6 $1 Rxc7 17. Rxd6 $16) (14... Re8 {Ribli} 15. Rd3
$16) (14... Rc8 {Ribli} 15. Ndxc7 $1 Bxc7 16. Rd7+ $16) 15. Nbxc7 $16 (15.
Ndxc7 Be5 $44) 15... Nxd5 16. Nxd5 {Ribli: Im Endergebnis hat Jussupov einen
Bauern erobert, aber die Stellung war fuer ihn nicht leicht zu gewinnnen.} h5
$5 (16... Rhe8 $5) 17. Bf4 h4 18. e4 {Ribli: Dieser Zug hat einen Vorteil:
befestigt den d5- Springer und er hat einen Nachteil: der e4-Bauern ist leicht
angreiffbar.} Be5 19. b3 $3 (19. c3 hxg3 20. hxg3 Rxh1 21. Rxh1 Bxf4+ 22. gxf4
$140 f5) 19... hxg3 (19... Rde8 $5 {Ribli}) 20. hxg3 Rxh1 21. Rxh1 Re8 {
/\ Bxf4 ><e4} (21... Bxf4+ $142 22. gxf4 f5 23. Nc3 $16) 22. Re1 Rh8 {Ribli:
Schwarz hat mit seinem feinen Turmmanoever die h-Linie erobert.} 23. Bxe5 $1
Nxe5 24. Re3 $1 {/\Rc3-c7  Droht /\ Rc3,Rc7} Nc6 (24... Rh2 $142 25. Rc3 Nc6)
25. Nf4 Rh1+ (25... Rh2 $5) 26. Kd2 Ke7 $138 27. a4 Rg1 28. Rd3 a5 $6 {Ribli:
Mit dieser Zug hat Schwarz seinen Damenfluegel deutlich geschwaecht.} 29. Ne2
Rg2 30. Rd5 $18 {/\c3; Rb5} g5 31. c3 {Ribli: Schwarz kann den weiteren
Materialverlust nicht mehr vermeiden.} Ke6 32. Rb5 Ne7 33. Ke3 {Ribli: Die
letzte Feinheit. Jetzt kommt noch der e2-Springer ins Spiel.} f5 34. Kf3 Rh2
35. Nd4+ Kd6 36. Nxf5+ Nxf5 37. exf5 Rc2 38. c4 1-0